US State Mottos - Statistics

General Stats
  • This quiz has been taken 24 times
  • The average score is 21 of 58
Answer Stats
State Motto Answer % Correct
AZ _ enriches God
94%
FL In God We _ Trust
88%
NH Live _ or Die Free
82%
AK _ to the Future North
82%
DC _ for all Justice
76%
AR The _ rule People
76%
KY United we stand, _ we fall Divided
65%
NE _ before the law Equality
65%
CA " I found it" Eureka
65%
IA Our _ we prize and our rights we will maintain Liberties
65%
MN The _ of the North Star
65%
NC To _, rather than to seem Be
59%
OH With God, all things are _ Possible
59%
AL We dare defend our _ Rights
59%
MT Gold and _ Silver
59%
SD Under God the people _ Rule
53%
OR She flies with her own _ Wings
53%
IN _ of America Crossroads
47%
RI " Aspiration" or " Desire" Hope
47%
UT " Production" Industry
47%
DE Liberty and _ Independence
41%
MO Let the welfare of the people be the supreme _ Law
41%
MA By the sword we seek _, but _ only under liberty Peace
41%
WA By and _ By
35%
NV All For Our _ Country
35%
MI If you seek a pleasant _, look about you Peninsula
35%
CO Nothing without _ Providence
35%
NY "Ever Upwards" Excelsior
29%
WI " Ahead" or " Onwards" Forwards
29%
TX " Brotherhood" or " Generosity" Friendship
29%
NM It _ as it goes Grows
29%
HI The life of the land is perpetuated in _ Righteousness
29%
VT Freedom and _ Unity
29%
SC While I _, I hope Breathe
24%
ME " I show the way" I lead
24%
WV _ are always free Mountaineers
24%
IL State _, national union Sovereignty
24%
CT He who _ still sustains Transplanted
24%
VA Thus always to _ Tyrants
24%
TN Agriculture and _ Commerce
18%
KS To the stars through _ Difficulties
18%
OK _ conquers all things Labor
18%
GA Wisdom, Justice, _ Moderation
18%
ID Let it be _ Perpetual
18%
NJ Liberty and _ Prosperity
18%
PA _, liberty, and independence Virtue
18%
WY " Same liberties" Equal rights
12%
KY Let us be _ to God Grateful
12%
ND Liberty and _, now and forever, one and inseperable Union
12%
MS By _ and arms Valor
12%
LA Union, justice, _ Confidence
6%
VT May the _ star shine bright Fourteenth
6%
MD Strong deeds, _ words Gentle
6%
AS Samoa, let _ be first Atua
0%
PR _ is his name John
0%
VI United in _ and hope Pride
0%
SC Ready in _ and resource Soul
0%
ND One _ for the benefit of another age Sows
0%
No matching quizzes found
Score Distribution
Percent of People with Each Score
Percentile by Number Answered
Your Score History
You have not taken this quiz